000 01057cam a2200301 a 4500
003 CHAP
005 20220329142045.0
008 990506d1872 mx r 00010 spa d
010 _a77750
011 _a78722
035 _a88757
040 _cCHAP
090 _aR-3625
100 0 0 _aHay, D. Guillermo.
_953167
245 1 0 _aApuntes geográficos, estadísticos e históricos del Distrito de Texcoco
_c/por D. Guillermo Hay
500 _aSobretiro de: Bol. de la Soc. Mexicana de Geografía y Estadística de la República Mexicana. 2a. época: 4 : 236-250, 1872.
590 _aBATCH-UPD
_b10
_c20130110
_lUCH01
_h0832
590 _aBATCH-UPD
_b10
_c20130410
_lUCH01
_h0510
590 _aBATCH-UPD
_b10
_c20130914
_lUCH01
_h1536
590 _aCONVERSION
_b10
_c20130109
_lUCH01
_h1343
650 1 4 _aGeografía
_zMéxico (Edo.).
_947566
650 1 4 _aMéxico (Edo.)
_xEstadísticas.
_976829
650 1 4 _aMéxico (Edo.)
_xHistoria.
_976831
901 _aBK
905 _aGuadalupe Pinto C.
942 _cREIMP
949 _aR-3625
_bBC
_cR
_d887571
_eTS1
_i88757
_sb
999 _c77750
_d77750